| 000 | 00601nam a22001817a 4500 | ||
|---|---|---|---|
| 999 |
_c58291 _d58291 |
||
| 005 | 20211027124621.0 | ||
| 008 | 211027s2007 enk||||| |||| 00| 0 rus d | ||
| 020 | _a9788776870249 | ||
| 041 | _arus | ||
| 080 | _a159.964 X-12 | ||
| 100 |
_aХаббард, Рональд Лафайет. _912701 |
||
| 245 |
_aСаентология : _bОсновы жизни / _cЛ. Рон Хаббард. |
||
| 264 |
_aМ. : _b"Нью Эра", _c2007. |
||
| 300 |
_a243 с. : _bил. ; _c24 см. |
||
| 653 | _aდიანეტიკა. | ||
| 653 | _a საენტოლოგია | ||
| 942 |
_2udc _cBK |
||